Strength of materials (Record no. 4143)

000 -LEADER
fixed length control field 00602nam a2200229 4500
001 - CONTROL NUMBER
control field 4143
003 - CONTROL NUMBER IDENTIFIER
control field BD-DhUET
008 - FIXED-LENGTH DATA ELEMENTS--GENERAL INFORMATION
fixed length control field 0
020 ## - INTERNATIONAL STANDARD BOOK NUMBER
International Standard Book Number 0070702977
040 ## - CATALOGING SOURCE
Transcribing agency 0
Modifying agency BD-DhUET
082 ## - DEWEY DECIMAL CLASSIFICATION NUMBER
Classification number 620.112
Item number WIL/1981
100 ## - MAIN ENTRY--PERSONAL NAME
Personal name Willems, Nicholas
245 ## - TITLE STATEMENT
Title Strength of materials
Statement of responsibility, etc. by Nicholas Willems, John T. Easley and Stanley T. Rolfe
250 ## - EDITION STATEMENT
Edition statement 1st ed.
260 ## - PUBLICATION, DISTRIBUTION, ETC. (IMPRINT)
Place of publication, distribution, etc. New York
Name of publisher, distributor, etc. McGraw-Hill
Date of publication, distribution, etc. 1981
300 ## - PHYSICAL DESCRIPTION
Extent xviii, 508 p.
Other physical details ill.
Dimensions 12 cm.
504 ## - BIBLIOGRAPHY, ETC. NOTE
Bibliography, etc Includes bibliographies
650 #0 - SUBJECT ADDED ENTRY--TOPICAL TERM
Topical term or geographic name as entry element Strength of materials
700 ## - ADDED ENTRY--PERSONAL NAME
Personal name Easley, John T.
700 ## - ADDED ENTRY--PERSONAL NAME
Personal name Rolfe, Stanley T.
942 ## - ADDED ENTRY ELEMENTS (KOHA)
Koha item type General Book
Holdings
Location (home branch) Lost status Koha item type Koha normalized classification for sorting Not for loan Sublocation or collection (holding branch) Koha date last borrowed Koha full call number Koha out on loan Date acquired Withdrawn status Damaged status Price effective from Source of classification or shelving scheme Koha date last seen Copy number Piece designation (barcode) Koha issues (times borrowed) Shelving location
Central Library, BUET General Book620_112000000000000_WIL_1981 Central Library, BUET2018-11-06620.112/WIL/1981 2014-11-12  2014-11-12 2018-12-181798491Circulation section
Central Library, BUET General Book620_112000000000000_WIL_1981 Central Library, BUET2018-12-22620.112/WIL/1981 2014-11-12  2014-11-12 2019-04-242798501Circulation section
Central Library, BUET General Book620_000000000000000_112WIL1981 Central Library, BUET 620.112/WIL/1981 2014-11-12  2014-11-12 2014-11-12379853 Circulation section
Central Library, BUET General Book620_000000000000000_112WIL1981 Central Library, BUET 620.112/WIL/1981 2014-11-12  2014-11-12 2014-11-12481408 Circulation section
Central Library, BUET General Book620_000000000000000_112WIL1981 Central Library, BUET2021-11-29620.112/WIL/1981 2014-11-12  2014-11-12 2021-12-075798522Circulation section
Central Library, BUET General Book620_000000000000000_112WIL1981 Central Library, BUET2025-12-08620.112/WIL/19812025-12-222014-11-12  2014-11-12 2025-12-086795801Circulation section
Central Library, BUET General Book620_000000000000000_112WIL1981 Central Library, BUET 620.112/WIL/1981 2014-11-12  2014-11-12 2014-11-12781410 Circulation section
Central Library, BUET General Book620_000000000000000_112WIL1981 Central Library, BUET2023-07-08620.112/WIL/1981 2014-11-12  2014-11-12 2023-07-188798511Circulation section
Central Library, BUET General Book620_112000000000000_WIL_1981 Central Library, BUET 620.112/WIL/1981 2014-11-12  2014-11-12 2014-11-12981409 Circulation section
Central Library, BUET General Book620_112000000000000_WIL_1981 Central Library, BUET 620.112/WIL/1981 2015-02-04  2015-02-04 2015-02-041079581  Circulation section